Contirbution à l'amélioration de la qualité des inventaires des Gaz à Effet de Serre au Bénin: secteur de l'agriculture (Record no. 46590)

MARC details
000 -LEADER
fixed length control field 00557nam a22001817a 4500
003 - CONTROL NUMBER IDENTIFIER
control field 0
005 - DATE AND TIME OF LATEST TRANSACTION
control field 20160609165218.0
008 - FIXED-LENGTH DATA ELEMENTS--GENERAL INFORMATION
fixed length control field 091125t xxu||||| |||| 00| 0 eng d
037 ## - SOURCE OF ACQUISITION
Source of stock number/acquisition Don
040 ## - SOURCE DU CATALOGAGE
Original cataloging agency Biblio-EPAC
Language of cataloging F
Transcribing agency UAC
082 ## - DEWEY DECIMAL CLASSIFICATION NUMBER
Classification number 26.APE/DOS
100 ## - VEDETTE PRINCIPALE - NOM DE PERSONNE
Personal name Adjossi Fleur Eunice DOSSA
9 (RLIN) 2371
245 ## - TITLE STATEMENT
Title Contirbution à l'amélioration de la qualité des inventaires des Gaz à Effet de Serre au Bénin: secteur de l'agriculture
260 ## - PUBLICATION, DISTRIBUTION, ETC. (IMPRINT)
Place of publication, distribution, etc BIBLIO-EPAC
Name of publisher, distributor, etc UAC
Date of publication, distribution, etc 2006-2007
300 ## - PHYSICAL DESCRIPTION
Extent II-81p
650 ## - SUBJECT ADDED ENTRY--TOPICAL TERM
Topical term or geographic name as entry element GENIE ENVIRONNEMENT
9 (RLIN) 2372
942 ## - ADDED ENTRY ELEMENTS (KOHA)
Koha item type Thèse et Memoire
Holdings
Withdrawn status Lost status Damaged status Not for loan Location (home branch) Sublocation or collection (holding branch) Date acquired Source of acquisition Koha issues (times borrowed) Koha full call number Piece designation (barcode) Koha date last seen Copy number Price effective from Koha item type Public note
        Bibliothèque Ecole Polytechnique d'Abomey-Calavi Bibliothèque Ecole Polytechnique d'Abomey-Calavi 25/11/2009 Don   26.APE/DOS M15331 25/11/2009 3 25/11/2009 Thèse et Memoire 3 Exemplaires dont un exclu du prêt


© 2008, Bibliothèques de l'Université d'Abomey-Calavi

04 BP 789 Cotonou, Tél. : +229 21 36 01 01, Fax : +229 21 35 06 32

Courriel : bu@bu.uac.bj